Meranie teploty vzduchu pomocou akustických signálov
Gespeichert in:
| 1. Verfasser: | |
|---|---|
| Weitere Verfasser: | |
| Format: | Manuskript Buch |
| Sprache: | Slowakisch |
| Veröffentlicht: |
2018
|
| Schlagworte: | |
| Online-Zugang: | http://is.stuba.sk/zp/portal_zp.pl?podrobnosti=137495 |
| Tags: |
Keine Tags, Fügen Sie das erste Tag hinzu!
|
MARC
| LEADER | 00000ntm a22000003a 4500 | ||
|---|---|---|---|
| 001 | stuzp65440 | ||
| 003 | SK-STU | ||
| 005 | 20181010110137.9 | ||
| 007 | ta | ||
| 008 | 150427s2015----xo-----f-mn---000-0-slo-d | ||
| 040 | |a STU |b slo | ||
| 041 | 0 | |a slo | |
| 044 | |a xo | ||
| 100 | 1 | |a Minařík, Lukáš |u 033000 |4 aut |U FEI Fakulta elektrotechniky a informatiky |T FEI Ústav elektroniky a fotoniky |X 72599 |U E030 |Y 549 |7 72599 | |
| 242 | 0 | 1 | |a Measuring air temperature using acoustic signals |y eng |
| 245 | 1 | 0 | |a Meranie teploty vzduchu pomocou akustických signálov |
| 260 | |c 2018 | ||
| 300 | |a 51 s. | ||
| 650 | 4 | |a Acoustic signals |2 eng | |
| 650 | 4 | |a Temperature |2 eng | |
| 650 | 4 | |a Acoustic thermometry |2 eng | |
| 650 | 4 | |a Teplota |2 slo | |
| 650 | 4 | |a Akustická termometria |2 slo | |
| 650 | 4 | |a Akustický signál |2 slo | |
| 700 | 1 | |a Púčik, Jozef |u 033000 |k Z8 |4 ths |U FEI Fakulta elektrotechniky a informatiky |T FEI Ústav elektroniky a fotoniky |X 1922 |U E030 |Y 549 |7 A000001922 | |
| 856 | 4 | |u http://is.stuba.sk/zp/portal_zp.pl?podrobnosti=137495 | |
| 996 | |b 284EP11857 |c E*DIPL- 11857 |l EE33 |s P |a 0 |w stuzp65440_0001 | ||